书目信息 |
| 题名: |
振动理论
|
|
| 作者: | ;复旦大学数学系 编著 | |
| 分册: | ||
| 出版信息: | 上海 上海科学技术出版社 1960.09 |
|
| 页数: | 140页 | |
| 开本: | 20cm | |
| 丛书名: | ||
| 单 册: | ||
| 中图分类: | O32 | |
| 科图分类: | ||
| 主题词: | 振动理论 | |
| 电子资源: | ||
| ISBN: | ||
| 000 | 00555nam0 2200193 450 | |
| 001 | 0661937936 | |
| 005 | 20060731171423.17 | |
| 010 | @dCNY0.54 | |
| 100 | @a20060731d1960 km y0chiy0120 ea | |
| 101 | 0 | @achi |
| 102 | @aCN@b310000 | |
| 200 | 1 | @a振动理论@Azhen dong li lun@f复旦大学数学系编著@Ffu dan da xue shu xue xi bian zhu |
| 210 | @a上海@c上海科学技术出版社@d1960.09 | |
| 215 | @a140页@d20cm | |
| 606 | 0 | @a振动理论 |
| 690 | @aO32@v3 | |
| 711 | 0 | @a复旦大学数学系@Afu dan da xue shu xue xi@4编著 |
| 801 | 0 | @aCN@bPFT@c20060731 |
| 905 | @a10447@dO32@e17 | |
| 振动理论/复旦大学数学系编著.-上海:上海科学技术出版社,1960.09 |
| 140页;20cm |
| ISBN :CNY0.54 |
| ● |
| 相关链接 |
|
|
|
|
正题名:振动理论
索取号:O32/17
 
预约/预借
| 序号 | 登录号 | 条形码 | 馆藏地/架位号 | 状态 | 备注 |
| 1 | 0443195 | 204431953 | 密集书库/ [索取号:O32/17] | 在馆 |